02668nam a2200421 i 4500001001000000003000900010005001700019006001900036007000300055008004100058040003000099041000800129082003100137110006100168245014100229250002200370264005500392300005100447336002700498337003300525338002800558500002200586505066500608590002701273650006201300650005601362700005401418700003701472700004201509700003901551700007301590910003701663942001401700952017701714952016601891952017202057999001702229000030204DO-SdBNP20260325092010.0a||||fr|||| 00| 0 ta110504e2007 dr ab r 000 0 spa d aDO-SdBNPbspacBNPHUerda aspa 4a347.729301bR426d 2007222 aRepública Dominicana.bSuprema Corte de Justicia9790610aDirectorio judicial dominicano /cpresentación, Jorge A. Subero Isa ; editor, Dilenia Lorenzo, Altagracia Núñez, José Pérez N. aSegunda edición 1aSanto Domingo :bSuprema Corte de Justicia,c2007. a171 páginas :bilustraciones, mapa ;c21 cm. 2rdacontentatextobtxt 2rdamediaasin mediaciónbn 2rdacarrieravolumenbnc aIncluye glosario.0 aDepartamento Judicial de Barahona.-- Departamento Judicial del Distrito Nacional.-- Departamento Judicial de la Vega.-- Departamento Judicial de Montecristi.-- Departamento Judicial de San Cristóbal.-- Departamento Judicial de San Francisco de Macorís.-- Departamento Judicial de San Juan de la Maguana.-- Departamento Judicial de San Pedro de Macorís.-- Departamento Judicial de Santiago.-- Departamento Judicial de la Provincia de Santo Domingo.-- Directorio de Registradores de Títulos.--. Directorio de los encargados Administrativos a nivel nacional.-- Directorio de Correos Electrónicos.--Glosario.-- Anexo.-- Mapa Tribunal Superior de Tierras. aInventariado 2024 / MF 0aPoder judicialxDirectorio yRepública Dominicana 9556 42República DominicanaxDirectorio Judicial 98608414aSubero Isa, Jorge A.,d1947-976863eprologuista 14aLorenzo, Dilenia,986081eeditor14aNúñez, Altagracia,986082eeditor 4aPérez N., José,986083eeditor14aCentro de Documentación e Información Judicial Dominicano986085 aValidado. Control de Calidad/MAA 2ddccLBS1 00102ddc56708DS-RaBNPHUbBNPHUcHDd2011-05-04eDepósito Legall0oBNPHU R-DS 347.729301 R426d 2007p30204-30r2020-06-25te. 3w2020-06-25yLBS1ZPréstamo en sala 00102ddc51708DS-RaBNPHUbBNPHUcHDd2011-04-15eDepósito Legal l0oBNPHU R-PD 347.729301 R426d 2007p30204-10r2020-06-25w2020-06-25yLBS1ZNo se presta 00102ddc51708DS-RaBNPHUbBNPHUcHDd2011-05-04eDepósito Legal l0oBNPHU R-PD 347.729301 R426d 2007p30204-20r2020-06-25te. 2w2020-06-25yLBS1ZNo se presta c29696d29696